书目信息 |
| 题名: |
应用传热学
|
|
| 作者: | 周锡堂 主编 | |
| 分册: | ||
| 出版信息: | 北京 中国石化出版社 2019.01 |
|
| 页数: | 160页 | |
| 开本: | 26cm | |
| 丛书名: | 普通高等教育“十三五”规划教材 | |
| 单 册: | ||
| 中图分类: | TK124 | |
| 科图分类: | ||
| 主题词: | 传热学--chuan re xue--高等教育--教材 | |
| 电子资源: | ||
| ISBN: | 978-7-5114-5079-1 | |
| 000 | 01088nam 2200277 450 | |
| 001 | 202019137418 | |
| 005 | 20191026133320.0 | |
| 010 | @a978-7-5114-5079-1@dCNY35.00 | |
| 100 | @a20191022d2019 em y0chiy50 ea | |
| 101 | 0 | @achi |
| 102 | @aCN@b110000 | |
| 105 | @aak a 000yy | |
| 106 | @ar | |
| 200 | 1 | @a应用传热学@Aying yong chuan re xue@f主编周锡堂 |
| 210 | @a北京@c中国石化出版社@d2019.01 | |
| 215 | @a160页@c图@d26cm | |
| 225 | 2 | @a普通高等教育“十三五”规划教材@Apu tong gao deng jiao yu “ shi san wu ” gui hua jiao cai@i应用热工学系列 |
| 300 | @a中国石油和石化工程教材出版基金资助项目 | |
| 320 | @a有书目 (第142页) | |
| 330 | @a本书主要介绍传热的基本概念, 热的传递形式及其规律, 基本的传热工艺及其相应装备的计算。全书共6章, 主要内容包括: 传热学基本概念、热传导、对流传热、辐射传热、传热过程、换热器及其设计。 | |
| 410 | 0 | @12001 @a普通高等教育“十三五”规划教材@i应用热工学系列 |
| 606 | 0 | @a传热学@Achuan re xue@x高等教育@j教材 |
| 690 | @aTK124@v5 | |
| 701 | 0 | @a周锡堂@Azhou xi tang@4主编 |
| 801 | 0 | @aCN@c20190905 |
| 905 | @a河南城建学院图书馆@dTK124@eZ806 | |
| 应用传热学/主编周锡堂.-北京:中国石化出版社,2019.01 |
| 160页:图;26cm.-(普通高等教育“十三五”规划教材.应用热工学系列) |
| 中国石油和石化工程教材出版基金资助项目 |
| ISBN 978-7-5114-5079-1:CNY35.00 |
| 本书主要介绍传热的基本概念, 热的传递形式及其规律, 基本的传热工艺及其相应装备的计算。全书共6章, 主要内容包括: 传热学基本概念、热传导、对流传热、辐射传热、传热过程、换热器及其设计。 |
| ● |
| 相关链接 |
|
|
|
正题名:应用传热学
索取号:TK124/Z806
 
预约/预借
| 序号 | 登录号 | 条形码 | 馆藏地/架位号 | 状态 | 备注 |
| 1 | 1446000 | 214460000 | 自科库501/501自科库 136排2列5层/ [索取号:TK124/Z806] | 在馆 | |
| 2 | 1446001 | 214460019 | 自科库501/501自科库 136排2列5层/ [索取号:TK124/Z806] | 在馆 |